00464nam a2200145 a 450000500170000000800410001702000140005805000240007210000200009624500720011625000120018826000480020030000340024865000360028220140310183340.0061130s19uu xx 00 eng d a0218-4206 aRM 138 b.C454 2006 aChan, Wong Mei. aMIMS :bPhilippines Index of Medical Specialities./cWong Mei Chan. a107 ed. aSingapore :bCMPMedica Asia Pte Ltd,c2006. a455 p. :bill. col. ;c21 cm. aDrugsxhandbooks, manuals, etc.